000 00716nam a2200229 a 4500
001 18411
003 CO-ViMGA
008 141112s2004 ck r 000 u spa d
020 _a8487767850
040 _aCO-ViMGA
_bspa
_cCO-ViMGA
082 0 4 _a796 B718a
100 1 _aBravo Berrocal, Rafael; Romero Ramos, Oscar
_926216
245 1 0 _aActividades educativo - complementarias en la naturaleza . Juegos utilitarios y de aplicación a la educación física
260 _aMálaga (España),
_cAljibe,
_c1998
300 _a199.p.
590 _aForma de adquisición : Premio - Mincultura
650 1 4 _aDEPORTES
_948158
650 1 4 _aEJERCICIOS FISICOS
650 1 4 _aGIMNASIA
650 1 4 _aJUEGOS
942 _2ddc
_cBK
999 _c27709
_d27709